000 00564nam a2200193 i 4500
001 82167
003 ES-MaACL
005 20231227201300.0
007 t|
008 041126s1991 sp ||||1| spa d
020 _a84-404-9409-2
080 _a081 Llorca, Carmen
100 1 _aLlorca, Carmen,
_d1921-1998
_9181902
245 1 0 _aEscritos sobre Europa /
_cCarmen Llorca.
260 _a[S.l.] :
_bCarmen Llorca,
_c1991 (
_eMadrid :
_fGráf. Sánchez)
300 _a280 p. ;
_c22 cm.
852 _aES-MaACL
_jE-10518
_bR.134633
999 _c82167
_d82167